Claiming the people's past : (Record no. 1430087)

MARC details
000 -LEADER
fixed length control field 00701nam a2200205Ia 4500
005 - DATE AND TIME OF LATEST TRANSACTION
control field 20250610161825.0
008 - FIXED-LENGTH DATA ELEMENTS--GENERAL INFORMATION
fixed length control field 008 250516s9999 xx 000 0 eng d
020 ## - INTERNATIONAL STANDARD BOOK NUMBER
International Standard Book Number 9781009453639
040 ## - CATALOGING SOURCE
Language of cataloging eng
Transcribing agency SDCL
041 ## - LANGUAGE CODE
Language code of text/sound track or separate title eng
Source of code eng
084 ## - COLON CLASSIFICATION NUMBER
Classification number W643 R4
245 #0 - TITLE STATEMENT
Title Claiming the people's past :
Remainder of title Populist politics of history in the twenty-first century
260 ## - PUBLICATION, DISTRIBUTION, ETC.
Place of publication, distribution, etc. New Delhi :
Name of publisher, distributor, etc. Cambridge University Press,
Date of publication, distribution, etc. 2024.
300 ## - PHYSICAL DESCRIPTION
Extent xiv, 343p.
490 ## - SERIES STATEMENT
Series statement Metamorphoses of the political : Multidisciplinary approaches
650 ## - SUBJECT ADDED ENTRY--TOPICAL TERM
Topical term or geographic name entry element Political Science
700 ## - ADDED ENTRY--PERSONAL NAME
Personal name Bevernage, Berber Ed.
700 ## - ADDED ENTRY--PERSONAL NAME
Personal name Mestdagh, Eline Ed.Ramalho, Walderez Ed.
942 ## - ADDED ENTRY ELEMENTS (KOHA)
Koha item type Textual
Source of classification or shelving scheme Colon Classification (CC)
650 ## - SUBJECT ADDED ENTRY--TOPICAL TERM
-- 812506
700 ## - ADDED ENTRY--PERSONAL NAME
-- 812507
700 ## - ADDED ENTRY--PERSONAL NAME
-- 812508
999 ## -
-- 1430087
-- 1430087
Holdings
Withdrawn status Lost status Source of classification or shelving scheme Damaged status Not for loan Home library Current library Date acquired Source of acquisition Inventory number Total checkouts Full call number Barcode Date last seen Price effective from Koha item type
    Colon Classification (CC)     South Campus Library South Campus Library 2025-05-22 Govinda Book House 6673, 21/02/2025   W643 R4 SC1809019 2025-05-22 2025-05-22 Textual
Copyright @ Delhi University Library System